000 00253nam a2200097Ia 4500
082 _aEF PEEB
245 0 _aThe seamstress
100 _a Peebles, Frances de Pontes London, 2009
_976201
942 _cBK
008 210817s9999 xx 000 0 und d
999 _c254277
_d254276